[Event "14th Vandoeuvre Open 2018"]
[Site "?"]
[Date "2018.01.04"]
[Round "6"]
[White "Song, Julien"]
[Black "Maiorov, Nikita"]
[Result "1/2-1/2"]
[WhiteElo "2340"]
[BlackElo "2547"]
[Annotator "TA"]
[PlyCount "160"]
[EventDate "2018.??.??"]
[EventType "swiss"]
[EventCountry "FRA"]
[SourceTitle "Vandoeuvre"]

{[%evp 9,160,25,20,17,35,35,30,30,31,24,31,0,0,0,0,0,0,0,0,0,0,-17,-7,0,-12,-28,-30,-23,-22,-22,-28,-40,-41,-49,-47,-54,-14,-40,-27,-28,-25,-25,-25,-22,-26,-33,-34,-30,-8,-3,-2,-33,-15,-39,-44,-151,-168,-162,-162,-158,-154,-167,-168,-185,-172,-189,-118,-158,-119,-119,-123,-126,-115,-118,-60,-76,-32,-34,0,0,0,0,0,0,0,0,0,0,0,0,0,0,0,0,0,0,0,0,0,0,0,0,0,0,0,0,0,0,0,0,0,0,0,0,0,0,0,0,0,0,0,0,0,0,0,0,0,0,0,0,0,0,0,0,0,0,0,0,0,0,0,0,0,0,0,0,0,0,0,0,0,0,0]} 1. d4 Nf6 2. Nf3 e6 3. c4 d5 4. Nc3 a6 5. cxd5 exd5 6. Bg5 {D37: Queen's Gambit Declined: 5 Bf4} Be6 7. e3 Nbd7 8. Bd3 {White has an edge.} Bd6 9. Qc2 (9. Bf4 Qe7 10. O-O O-O 11. h3 Rfe8 12. Qc2 {½-½ (12) Aronian,L (2805)-Carlsen,M (2837) Riadh 2017}) 9... c6 10. Bh4 h6 11. Bg3 Bxg3 12. hxg3 Qc7 13. Rb1 $146 ({Predecessor:} 13. O-O O-O 14. Rac1 Qd6 {1-0 (51) Kruljac,P (2031)-Bojmic,D (1881) Sv Filip i Jakov 2007}) 13... Qd6 14. a3 O-O 15. Ng5 Bg4 16. Bh7+ Kh8 17. Bf5 Bxf5 18. Qxf5 Kg8 19. Nf3 Rfe8 20. Qf4 Qe6 21. Qh4 Ng4 22. O-O g6 23. Nh2 (23. e4 $5) 23... Ndf6 24. Nxg4 Nxg4 25. Rbe1 Qf5 26. Re2 Re6 27. Rfe1 Rae8 28. Nd1 $1 Kg7 29. f3 $1 {[%cal Rf3g4]} Nf6 30. Qf4 Qd3 31. Nf2 Qc4 32. Ng4 {[#]} (32. Qc7 $15) 32... g5 $1 $36 {[%cal Rg5f4][%mdl 2048] Black is on the roll.} 33. Qf5 Nxg4 34. Qxg4 Qd3 35. Kf2 f5 36. Qh5 R8e7 37. Qh3 Kh7 (37... b6 $19 38. b4 Rf6) 38. Qh5 {[#]} f4 $1 {[%mdl 512]} 39. gxf4 (39. exf4 Qxd4+) 39... gxf4 {[%cal Re6e3]} 40. e4 Qxd4+ 41. Kf1 Re5 (41... Qf6 $17 42. Qh3 Qg6) 42. Qg4 $15 Rf7 {...Qc4 is the strong threat.} 43. exd5 Rxe2 44. Rxe2 {The position is equal.} Qxd5 {[%mdl 4096] Endgame KQR-KQR} 45. Re8 {[%csl Ge8][%cal Rg4g8]} Qd1+ 46. Kf2 {[%csl Ge8][%cal Rg4g8]} Qc2+ 47. Re2 Qc5+ 48. Kf1 Qc4 49. Kf2 Qd4+ 50. Kf1 Qg7 51. Qe6 Qg6 52. Qe5 Qg5 53. Qe8 Qh5 (53... Kg7 {with more complications.} 54. Qe6 Qb5 55. Qg4+ Qg5 56. Qe6) 54. Qe4+ Qg6 55. Qe5 Qg5 56. Qe8 Kg7 57. Re5 Qg6 58. Re4 Qf6 59. Re5 Qd6 60. Re6 Qd4 61. Re7 Qc4+ 62. Re2 Qd5 63. Re4 Qb5+ 64. Re2 Qc5 65. Qe6 Qf5 66. Qe8 c5 67. Kg1 c4 68. Re4 Qc5+ 69. Kh2 c3 70. bxc3 Qxc3 71. Re7 Qf6 72. Rxf7+ Qxf7 $11 {KQ-KQ} 73. Qe5+ Kg8 74. a4 Kh7 75. a5 Kg6 76. Qd6+ Qf6 77. Qd3+ Qf5 78. Qd6+ Qf6 79. Qd3+ Qf5 80. Qd6+ Qf6 {Precision: White = 75%, Black = 65%.} 1/2-1/2

[Event "14th Vandoeuvre Open 2018"]
[Site "?"]
[Date "2018.01.04"]
[Round "6"]
[White "Schmitt, Axel"]
[Black "Barbelenet, Frederic"]
[Result "1-0"]
[WhiteElo "2323"]
[BlackElo "1764"]
[PlyCount "77"]
[EventDate "2018.??.??"]
[EventType "swiss"]
[EventCountry "FRA"]
[SourceTitle "Vandoeuvre"]
[TimeControl "5400+30"]
[WhiteClock "0:02:31"]
[BlackClock "0:51:43"]

1. e4 {[%emt 0:00:00]} c5 {[%emt 0:00:00]} 2. Nf3 {[%emt 0:00:00]} d6 {[%emt 0:00:00]} 3. c3 {[%emt 0:00:00]} Nf6 {[%emt 0:00:00]} 4. Be2 {[%emt 0:00:00]} Bd7 {[%emt 0:00:27]} 5. d3 {[%emt 0:00:00]} g6 {[%emt 0:05:57]} 6. O-O {[%emt 0:01:33]} Bg7 {[%emt 0:01:38]} 7. Re1 {[%emt 0:00:10]} Nc6 {[%emt 0:00:10]} 8. h3 {[%emt 0:00:11]} O-O {[%emt 0:02:47]} 9. Bf1 {[%emt 0:00:24]} Rc8 {[%emt 0:12:13]} 10. Na3 {[%emt 0:01:22]} Qc7 {[%emt 0:05:32]} 11. Bf4 {[%emt 0:03:33]} Nh5 {[%emt 0:05:10]} 12. Bh2 {[%emt 0:00:31]} f5 {[%emt 0:00:24]} 13. exf5 {[%emt 0:00:27]} gxf5 {[%emt 0:03:32]} 14. Ng5 {[%emt 0:00:36]} Nf6 {[%emt 0:13:10]} 15. Qb3+ {[%emt 0:02:06]} Kh8 {[%emt 0:13:14]} 16. Nf7+ {[%emt 0:00:55]} Rxf7 {[%emt 0:00:02]} 17. Qxf7 {[%emt 0:00:08]} Rf8 {[%emt 0:00:08]} 18. Qb3 {[%emt 0:00:07]} e5 {[%emt 0:01:17]} 19. Bg3 {[%emt 0:09:30]} f4 {[%emt 0:02:59]} 20. Bh4 {[%emt 0:00:45]} Rg8 {[%emt 0:01:33]} 21. Nb5 {[%emt 0:04:10]} Qb8 {[%emt 0:00:18]} 22. Bxf6 {[%emt 0:04:24]} Bxf6 {[%emt 0:00:08]} 23. Qf7 {[%emt 0:06:55]} Qd8 {[%emt 0:03:09]} 24. Nxd6 {[%emt 0:03:31]} Rg7 {[%emt 0:05:33]} 25. Qh5 {[%emt 0:01:17]} Qf8 {[%emt 0:01:44]} 26. Ne4 {[%emt 0:00:52]} Be7 {[%emt 0:00:55]} 27. Rad1 {[%emt 0:01:59]} f3 {[%emt 0:06:46]} 28. Re3 {[%emt 0:05:27]} fxg2 {[%emt 0:09:15]} 29. Bxg2 {[%emt 0:01:01]} Qg8 {[%emt 0:01:33]} 30. Rg3 {[%emt 0:01:01]} Rxg3 {[%emt 0:01:01]} 31. Nxg3 {[%emt 0:00:28]} Be8 {[%emt 0:01:31]} 32. Qe2 {[%emt 0:01:04]} Qg5 {[%emt 0:02:21]} 33. Re1 {[%emt 0:00:51]} Bd7 {[%emt 0:00:26]} 34. Bxc6 {[%emt 0:00:38]} Bxc6 {[%emt 0:00:01]} 35. Qxe5+ {[%emt 0:00:12]} Bf6 {[%emt 0:00:10]} 36. Qxg5 {[%emt 0:00:17]} Bxg5 {[%emt 0:00:01]} 37. Re5 {[%emt 0:00:19]} Bc1 {[%emt 0:01:20]} 38. Rxc5 {[%emt 0:00:42]} Bxb2 {[%emt 0:00:04]} 39. d4 {[%emt 0:00:21]} 1-0

[Event "14th Vandoeuvre Open 2018"]
[Site "?"]
[Date "2018.01.04"]
[Round "6"]
[White "Rauta, Nicolas"]
[Black "Budak, Rezan"]
[Result "1/2-1/2"]
[WhiteElo "1963"]
[BlackElo "1870"]
[PlyCount "71"]
[EventDate "2018.??.??"]
[EventType "swiss"]
[EventCountry "FRA"]
[SourceTitle "Vandoeuvre"]
[TimeControl "5400+30"]
[WhiteClock "1:02:31"]
[BlackClock "0:16:56"]

1. c4 e5 {[%emt 0:00:21]} 2. Nc3 {[%emt 0:02:02]} Nc6 {[%emt 0:00:10]} 3. g3 {[%emt 0:00:08]} g6 {[%emt 0:00:29]} 4. Bg2 {[%emt 0:00:04]} Bg7 {[%emt 0:00:07]} 5. d3 {[%emt 0:00:37]} Nge7 {[%emt 0:00:15]} 6. e4 {[%emt 0:01:10]} Nd4 {[%emt 0:00:14]} 7. Nge2 {[%emt 0:00:19]} Nec6 {[%emt 0:00:25]} 8. O-O {[%emt 0:07:59]} O-O {[%emt 0:00:43]} 9. Nxd4 {[%emt 0:03:13]} Nxd4 {[%emt 0:01:37]} 10. Ne2 {[%emt 0:06:05]} d6 {[%emt 0:02:10]} 11. Nxd4 {[%emt 0:01:22]} exd4 {[%emt 0:02:16]} 12. f4 {[%emt 0:01:13]} f5 {[%emt 0:00:42]} 13. exf5 {[%emt 0:07:48]} gxf5 {[%emt 0:00:09]} 14. b4 {[%emt 0:01:15]} c6 {[%emt 0:05:14]} 15. b5 {[%emt 0:12:21]} Qc7 {[%emt 0:02:00]} 16. Bd2 {[%emt 0:06:11]} Be6 {[%emt 0:04:03]} 17. Qa4 {[%emt 0:01:53]} d5 {[%emt 0:00:47]} 18. cxd5 {[%emt 0:18:20]} Bxd5 {[%emt 0:01:02]} 19. Bxd5+ {[%emt 0:04:18]} cxd5 {[%emt 0:00:22]} 20. Rac1 {[%emt 0:00:11]} Qd7 {[%emt 0:00:23]} 21. Qb3 {[%emt 0:00:26]} Rac8 {[%emt 0:00:09]} 22. a4 {[%emt 0:01:28]} Rfe8 {[%emt 0:02:34]} 23. Rfe1 {[%emt 0:01:02]} Rxc1 {[%emt 0:03:55]} 24. Rxc1 {[%emt 0:01:08]} Re2 {[%emt 0:00:45]} 25. Be1 {[%emt 0:03:30]} Qe6 {[%emt 0:00:26]} 26. Bf2 {[%emt 0:00:37]} Rxf2 {[%emt 0:00:12]} 27. Kxf2 {[%emt 0:00:05]} Qe3+ {[%emt 0:00:06]} 28. Kg2 {[%emt 0:00:09]} Qxc1 {[%emt 0:03:17]} 29. Qxd5+ {[%emt 0:00:10]} Kf8 {[%emt 0:00:12]} 30. Qxf5+ {[%emt 0:02:55]} Kg8 {[%emt 0:02:11]} 31. Qd5+ {[%emt 0:00:34]} Kf8 {[%emt 0:00:34]} 32. Qd8+ {[%emt 0:00:25]} Kf7 {[%emt 0:00:36]} 33. Qd7+ {[%emt 0:00:29]} Kf8 {[%emt 0:03:05]} 34. Qd8+ {[%emt 0:01:04]} Kf7 {[%emt 0:00:59]} 35. Qd7+ {[%emt 0:00:03]} Kf8 {[%emt 0:02:29]} 36. Qd8+ 1/2-1/2

[Event "14th Vandoeuvre Open 2018"]
[Site "?"]
[Date "2018.01.04"]
[Round "6"]
[White "Mergen, Bat"]
[Black "Steininger, Denis"]
[Result "1-0"]
[WhiteElo "1852"]
[BlackElo "1957"]
[PlyCount "117"]
[EventDate "2018.??.??"]
[EventType "swiss"]
[EventCountry "FRA"]
[SourceTitle "Vandoeuvre"]
[TimeControl "5400+30"]
[WhiteClock "1:01:15"]
[BlackClock "0:05:34"]

1. d4 {[%emt 0:01:24]} Nf6 {[%emt 0:00:00]} 2. Nf3 {[%emt 0:00:17]} d6 {[%emt 0:00:00]} 3. g3 {[%emt 0:00:48]} Bf5 {[%emt 0:00:00]} 4. Bg2 {[%emt 0:00:24]} c6 {[%emt 0:00:00]} 5. O-O {[%emt 0:00:21]} h6 {[%emt 0:00:17]} 6. c4 {[%emt 0:00:52]} g5 {[%emt 0:00:07]} 7. Nc3 {[%emt 0:00:26]} Bg7 {[%emt 0:00:13]} 8. Re1 {[%emt 0:00:35]} Nbd7 {[%emt 0:00:07]} 9. e4 {[%emt 0:01:46]} Bg4 {[%emt 0:00:04]} 10. h3 {[%emt 0:04:48]} Bxf3 {[%emt 0:00:07]} 11. Bxf3 {[%emt 0:00:45]} Qc7 {[%emt 0:00:08]} 12. b4 {[%emt 0:01:19]} c5 {[%emt 0:01:47]} 13. bxc5 {[%emt 0:01:58]} dxc5 {[%emt 0:00:09]} 14. Nb5 {[%emt 0:00:49]} Qb8 {[%emt 0:00:41]} 15. e5 {[%emt 0:01:27]} Nh7 {[%emt 0:00:13]} 16. e6 {[%emt 0:09:27]} fxe6 {[%emt 0:00:29]} 17. Bh5+ {[%emt 0:02:21]} Kd8 {[%emt 0:01:00]} 18. Bb2 {[%emt 0:06:39]} a6 {[%emt 0:00:09]} 19. Na3 {[%emt 0:00:15]} Qd6 {[%emt 0:00:24]} 20. Nc2 {[%emt 0:03:55]} Rc8 {[%emt 0:00:13]} 21. Bg4 {[%emt 0:00:38]} Nhf8 {[%emt 0:00:31]} 22. Rb1 {[%emt 0:01:50]} cxd4 {[%emt 0:00:23]} 23. Ba3 {[%emt 0:02:56]} Nc5 {[%emt 0:01:57]} 24. Rxb7 {[%emt 0:07:15]} Bf6 {[%emt 0:00:09]} 25. Qb1 {[%emt 0:02:04]} h5 {[%emt 0:01:36]} 26. Rb6 {[%emt 0:07:17]} Qc7 {[%emt 0:01:00]} 27. Bxc5 {[%emt 0:00:44]} Qxc5 {[%emt 0:00:05]} 28. Be2 {[%emt 0:09:15]} e5 {[%emt 0:02:20]} 29. Bd3 {[%emt 0:00:36]} a5 {[%emt 0:01:15]} 30. Rb5 {[%emt 0:02:06]} Qc7 {[%emt 0:00:01]} 31. Rb7 {[%emt 0:02:26]} Qc6 {[%emt 0:00:45]} 32. Na3 {[%emt 0:01:53]} Nd7 {[%emt 0:00:38]} 33. Bf5 {[%emt 0:01:44]} e6 {[%emt 0:00:16]} 34. Be4 {[%emt 0:00:22]} Qa4 {[%emt 0:02:07]} 35. Nb5 {[%emt 0:03:13]} Rc5 {[%emt 0:03:16]} 36. Rc7 {[%emt 0:09:26]} Rxc7 {[%emt 0:08:46]} 37. Nxc7 {[%emt 0:00:04]} Ke7 {[%emt 0:02:39]} 38. Qb5 {[%emt 0:02:42]} Qb4 {[%emt 0:01:30]} 39. Rb1 {[%emt 0:01:12]} Qxb5 {[%emt 0:01:49]} 40. cxb5 {[%emt 0:00:51]} Nc5 {[%emt 0:01:17]} 41. f3 {[%emt 0:02:00]} g4 {[%emt 0:00:48]} 42. hxg4 {[%emt 0:01:31]} hxg4 {[%emt 0:00:01]} 43. Na6 {[%emt 0:00:21]} Kd6 {[%emt 0:00:42]} 44. Nxc5 {[%emt 0:00:34]} Kxc5 {[%emt 0:00:08]} 45. b6 {[%emt 0:00:39]} gxf3 {[%emt 0:01:35]} 46. b7 {[%emt 0:00:08]} Rb8 {[%emt 0:00:17]} 47. a4 {[%emt 0:00:25]} d3 {[%emt 0:01:21]} 48. Bxd3 {[%emt 0:01:57]} Kd4 {[%emt 0:00:15]} 49. Ba6 {[%emt 0:00:26]} e4 {[%emt 0:01:14]} 50. Kf2 {[%emt 0:00:21]} Be5 {[%emt 0:03:07]} 51. Rc1 {[%emt 0:01:53]} Rg8 {[%emt 0:01:26]} 52. Rc4+ {[%emt 0:01:10]} Kd5 {[%emt 0:00:42]} 53. Rc8 {[%emt 0:00:09]} Bxg3+ {[%emt 0:00:31]} 54. Ke3 {[%emt 0:00:53]} Bf2+ {[%emt 0:05:29]} 55. Kxf2 {[%emt 0:00:19]} Rg2+ {[%emt 0:00:11]} 56. Ke3 Kd6 57. Bc4 Ke5 58. Ba6 Rg8 59. Bc4 {Kd5} 1-0

[Event "14th Vandoeuvre Open 2018"]
[Site "?"]
[Date "2018.01.04"]
[Round "6"]
[White "Oney, Remel"]
[Black "Comte, Elise"]
[Result "1/2-1/2"]
[WhiteElo "1828"]
[BlackElo "1722"]
[PlyCount "103"]
[EventDate "2018.??.??"]
[EventType "swiss"]
[EventCountry "FRA"]
[SourceTitle "Vandoeuvre"]
[TimeControl "5400+30"]
[WhiteClock "0:01:14"]
[BlackClock "0:01:38"]

1. d4 {[%emt 0:01:30]} Nf6 {[%emt 0:00:00]} 2. Bf4 {[%emt 0:01:21]} g6 {[%emt 0:01:14]} 3. Nf3 {[%emt 0:00:09]} Bg7 {[%emt 0:00:21]} 4. e3 {[%emt 0:00:18]} O-O {[%emt 0:00:29]} 5. h3 {[%emt 0:00:56]} d6 {[%emt 0:02:48]} 6. Be2 {[%emt 0:00:38]} Nfd7 {[%emt 0:01:05]} 7. c3 {[%emt 0:02:44]} e5 {[%emt 0:00:25]} 8. Bh2 {[%emt 0:02:19]} Nc6 {[%emt 0:07:04]} 9. O-O {[%emt 0:01:21]} f5 {[%emt 0:03:57]} 10. Na3 {[%emt 0:14:06]} a6 {[%emt 0:04:36]} 11. Qb3+ {[%emt 0:05:10]} Kh8 {[%emt 0:00:50]} 12. Rad1 {[%emt 0:00:32]} Qf6 {[%emt 0:10:39]} 13. Nc4 {[%emt 0:06:12]} e4 {[%emt 0:16:33]} 14. Ne1 {[%emt 0:00:39]} Bh6 {[%emt 0:03:19]} 15. Nc2 {[%emt 0:08:54]} Qg7 {[%emt 0:07:25]} 16. d5 {[%emt 0:08:58]} Nce5 {[%emt 0:01:22]} 17. Nxe5 {[%emt 0:02:49]} Nxe5 {[%emt 0:00:50]} 18. c4 {[%emt 0:04:07]} b6 {[%emt 0:03:31]} 19. Nd4 {[%emt 0:01:08]} g5 {[%emt 0:02:04]} 20. Bxe5 {[%emt 0:09:24]} Qxe5 {[%emt 0:03:00]} 21. Nc6 {[%emt 0:00:10]} Qf6 {[%emt 0:02:11]} 22. f3 {[%emt 0:07:48]} exf3 {[%emt 0:06:56]} 23. Rxf3 {[%emt 0:02:03]} Qg7 {[%emt 0:01:28]} 24. Rdf1 {[%emt 0:03:19]} Bd7 {[%emt 0:02:11]} 25. Nd4 {[%emt 0:00:39]} f4 {[%emt 0:01:09]} 26. Ne6 {[%emt 0:01:14]} Bxe6 {[%emt 0:01:55]} 27. dxe6 {[%emt 0:00:01]} Rfe8 {[%emt 0:01:54]} 28. exf4 {[%emt 0:02:15]} gxf4 {[%emt 0:00:40]} 29. Qc3 {[%emt 0:02:21]} Rxe6 {[%emt 0:02:26]} 30. Qxg7+ {[%emt 0:01:24]} Kxg7 {[%emt 0:03:22]} 31. Bd3 {[%emt 0:01:48]} Rae8 {[%emt 0:02:33]} 32. g3 {[%emt 0:00:20]} R8e7 {[%emt 0:01:13]} 33. gxf4 {[%emt 0:00:36]} Re3 {[%emt 0:00:39]} 34. f5 {[%emt 0:02:38]} Kf6 {[%emt 0:00:57]} 35. Kh2 Bf4+ {[%emt 0:02:45]} 36. Kh1 {[%emt 0:05:15]} Bg5 {[%emt 0:00:41]} 37. Kh2 {[%emt 0:00:52]} Rxf3 {[%emt 0:01:09]} 38. Rxf3 Re1 39. Kg3 {[%emt 0:01:44]} a5 {[%emt 0:01:35]} 40. b3 {[%emt 0:00:57]} Rd1 {[%emt 0:00:57]} 41. a4 {[%emt 0:00:23]} Rd2 {[%emt 0:00:31]} 42. Be4 {[%emt 0:00:27]} Rb2 {[%emt 0:00:33]} 43. Bd5 {[%emt 0:00:39]} h5 {[%emt 0:00:37]} 44. h4 {[%emt 0:00:59]} Bd2 {[%emt 0:00:46]} 45. Be6 {[%emt 0:00:35]} Be1+ {[%emt 0:00:22]} 46. Kh3 {[%emt 0:00:30]} Re2 {[%emt 0:00:27]} 47. Bd5 {[%emt 0:00:23]} Re5 {[%emt 0:00:43]} 48. Rf1 {[%emt 0:00:35]} Re3+ {[%emt 0:00:36]} 49. Rf3 {[%emt 0:00:01]} Re5 {[%emt 0:00:48]} 50. Rf1 {[%emt 0:00:12]} Re3+ {[%emt 0:00:20]} 51. Rf3 {[%emt 0:00:43]} Re5 {[%emt 0:00:20]} 52. Rf1 {[%emt 0:00:16]} 1/2-1/2

[Event "14th Vandoeuvre Open 2018"]
[Site "?"]
[Date "2018.01.05"]
[Round "8"]
[White "Fedorchuk, Sergey A"]
[Black "Maiorov, Nikita"]
[Result "*"]
[WhiteElo "2638"]
[BlackElo "2547"]
[Annotator "TA"]
[PlyCount "35"]
[EventDate "2018.??.??"]
[EventType "swiss"]
[EventCountry "FRA"]
[SourceTitle "Vandoeuvre"]

{[%evp 22,35,31,27,35,34,29,16,12,16,16,21,0,0,85,82]} 1. e4 e5 2. Nf3 Nc6 3. Bb5 {[%cal Bf1b5,Bb5a4,Ba4b3,Bb3a2][%mdl 32]} a6 4. Ba4 Nf6 5. O-O Be7 6. d3 b5 7. Bb3 d6 8. a3 O-O 9. Re1 Bb7 10. Nc3 Qd7 11. Ba2 Rae8 12. h3 Bd8 {C88: Closed Ruy Lopez: Anti-Marshall Systems} 13. b4 (13. Bg5 h6 14. Be3 Ne7 15. a4 Ng6 16. axb5 axb5 17. Bb3 c5 18. Nh2 c4 19. dxc4 bxc4 20. Bxc4 Nxe4 {½-½ (98) Almagro Llamas,P (2466)-Valles Moreno,I (2438) Madrid 2017}) 13... Ne7 14. a4 $146 ({Predecessor:} 14. Ne2 Ng6 15. Ng3 d5 16. Bd2 dxe4 17. dxe4 c5 18. c4 Be7 19. Rc1 Rc8 20. Qc2 cxb4 21. axb4 bxc4 22. Bxc4 {1-0 (33) Babic,D (2365)-Varberg,K (2254) ICCF email 2013}) 14... Ng6 15. axb5 axb5 16. Bb3 d5 17. Ra7 Bc6 (17... c6 $1 $11 {remains equal.}) 18. Bg5 *

[Event "14th Vandoeuvre Open 2018"]
[Site "?"]
[Date "2018.01.05"]
[Round "8"]
[White "Turov, Maxim"]
[Black "Kevlishvili, Robby"]
[Result "0-1"]
[WhiteElo "2614"]
[BlackElo "2451"]
[Annotator "TA"]
[PlyCount "120"]
[EventDate "2018.??.??"]
[EventType "swiss"]
[EventCountry "FRA"]
[SourceTitle "Vandoeuvre"]

{[%evp 11,120,14,8,0,0,0,17,16,6,11,10,12,8,19,46,32,36,26,39,3,36,0,39,24,27,28,18,0,16,15,18,5,9,-15,22,21,42,41,65,68,64,64,63,63,61,65,68,25,124,110,127,119,123,140,125,82,156,118,163,156,153,152,158,154,153,153,159,0,162,135,141,42,47,45,94,0,83,68,108,16,87,18,9,-221,-177,-368,-368,-367,-316,-377,-129,-291,-8,-5,-4,-3,0,-371,-383,-383,-380,-382,-375,-371,-371,-367,-363,-456,-450,-427,-427]} 1. Nf3 d5 2. g3 c6 3. Bg2 Bg4 4. O-O Nd7 5. h3 Bh5 6. d3 Ngf6 7. Qe1 {A07: Réti Opening: New York and Capablanca Systems} e5 8. e4 dxe4 (8... Bd6 9. Nh4 O-O 10. Nf5 Bc7 11. Nc3 Nb6 12. a4 a5 13. f4 dxe4 14. dxe4 exf4 15. gxf4 {½-½ (23) Nakamura,H (2780)-Jakovenko,D (2721) Palma de Mallorca 2017}) 9. dxe4 {The position is equal.} a5 10. Nh4 Bc5 11. a4 O-O 12. Nd2 Re8 13. Nc4 Qc7 14. Bd2 {[%cal Rc4a5]} b6 {[#]} 15. Kh1 $146 Bg6 16. Rd1 Bf8 (16... b5 $5 {[%cal Rb5c4]} 17. Nxg6 (17. Bxa5 $2 Qa7 $19) (17. Nxa5 Bb6 $11) 17... hxg6 18. axb5 (18. Bxa5 $2 Qa7 $19) 18... cxb5 19. Nxa5 Bb6 $11) 17. b3 Nc5 {[%cal Rg6e4]} 18. Nxg6 hxg6 19. Bc3 Ra6 20. Qe2 b5 21. Nb2 Raa8 22. f3 bxa4 23. bxa4 Nh5 24. Kh2 Ne6 25. Nc4 f6 $1 26. h4 Bb4 27. Bb2 Rad8 28. Bh3 Qf7 29. c3 Bf8 (29... Nxg3 $1 $11 30. Kxg3 Nf4) 30. Bc1 Nc5 31. Nxa5 Ra8 32. Nxc6 Rxa4 33. Nb4 Qb3 (33... f5 $142) 34. Qb2 Qc4 35. Rf2 Rb8 36. Bf1 Qe6 37. Qc2 Kh7 38. Be3 Ra3 39. Bc1 Ra4 $1 40. Rd5 Ra1 41. Bc4 (41. Bh3 $16 Qe8 42. Be3) 41... Qc8 $1 $14 42. Bb2 Re1 {Strongly threatening ...Nxe4.} 43. Rf1 (43. Bd3 $16) 43... Rxf1 (43... Nxe4 $1 $11 {remains equal.} 44. Rxe1 Nexg3) 44. Bxf1 $16 Ne6 $1 45. Qd2 ({Better is} 45. Nd3 $1 $16) 45... Nd4 (45... Bxb4 $11 {keeps the balance.} 46. cxb4 g5) 46. cxd4 (46. Qf2 $16) 46... Bxb4 $11 47. Qe2 $2 (47. Qc1 $1 $11 {and White stays safe.}) 47... Be1 $1 $19 {[%cal Re1g3]} 48. Qxe1 $2 (48. Kg1) 48... Rxb2+ 49. Bg2 Qc2 $1 {[%csl Gb2][%cal Rc2g2]} 50. Qg1 Rb1 $2 (50... Qc3 $1 $19 {[%cal Rc3f3]} 51. Kh3 exd4 52. Qxd4 Qc8+ 53. Kh2 Qb8) 51. Rc5 $2 (51. Qe3 $17) 51... Qb2 $2 ({Black should try} 51... Qb3 $1 $19 52. Rc1 Rxc1 53. Qxc1 exd4) 52. Qe3 $11 exd4 $40 {[%mdl 128] Black mounts an attack.} 53. Qd3 Re1 {aiming for ...Re2.} 54. Rc2 $2 {[%mdl 8192] [#]} (54. Qb5 $11 Qd2 55. Rxh5+ gxh5 56. Qf5+ Kh8 57. Qc8+ Kh7 58. Qf5+ Kh8 59. Qc8+ Kh7 60. Qf5+) 54... Qb8 $1 $19 {[%csl Gh5][%cal Rb8g3]} 55. e5 Qxe5 {[%csl Gh5][%cal Re5g3]} 56. f4 {[#]} Qe3 $1 {[%cal Re3d3]} 57. Qxe3 Rxe3 58. Rc4 {If White can now play g4 this consolidates a bit.} Rxg3 59. Rxd4 Rg4 60. Kh3 f5 {Precision: White = 42%, Black = 48%.} 0-1

[Event "14th Vandoeuvre Open 2018"]
[Site "?"]
[Date "2018.01.05"]
[Round "8"]
[White "Turov, Maxim"]
[Black "Lin, Chen"]
[Result "1/2-1/2"]
[WhiteElo "2614"]
[BlackElo "2485"]
[Annotator "TA"]
[PlyCount "50"]
[EventDate "2018.??.??"]
[EventType "swiss"]
[EventCountry "FRA"]
[SourceTitle "Vandoeuvre"]

{[%evp 11,50,3,16,27,22,28,54,61,49,28,50,20,29,30,27,30,26,0,4,4,12,6,21,29,30,24,16,25,23,21,18,19,18,18,28,23,71,79,86,0,18]} 1. Nf3 Nf6 2. g3 g6 3. Bg2 Bg7 4. O-O O-O 5. d4 d6 6. b3 a5 7. c4 {A49: 1 d4 Nf6 2 Nf3 g6 3 g3: Anti-King's Indian systems} (7. a4 c5 8. Bb2 Nc6 9. dxc5 dxc5 10. Na3 Bf5 11. Nd2 Qc8 12. e4 Bh3 13. Ndc4 Bxg2 14. Kxg2 Qe6 15. f3 {1-0 (55) Vidit,S (2715)-Mamedov,R (2709) Riadh 2017}) 7... c6 8. Nc3 Bg4 9. h3 $146 {White is slightly better.} ({Predecessor:} 9. Bb2 Na6 10. Qd2 Bxf3 11. Bxf3 d5 12. cxd5 Nxd5 13. Nxd5 cxd5 14. Ba3 Re8 15. Rfc1 {½-½ (63) Cvetkovic,N (2254)-Mihajlovic,M (2090) Belgrade 2015}) 9... Bxf3 10. Bxf3 d5 11. cxd5 (11. e3 {feels hotter.} e6 12. Rb1 Nbd7 13. Qc2 Qb8 14. Rd1) 11... Nxd5 12. Bb2 Nxc3 $1 13. Bxc3 Qd7 14. Bg2 c5 {[%cal Rc5d4]} 15. e3 Rd8 16. Rc1 cxd4 17. Bxd4 Bxd4 18. Qxd4 Qxd4 19. exd4 Nc6 20. d5 $36 {[%mdl 2048] White is pushing.} Nb4 $1 21. Rc7 Nxd5 22. Rxb7 e6 23. Rc1 a4 {[#]} 24. b4 $1 Rac8 {[#]} 25. Rc5 (25. Rxc8 $1 $16 Rxc8 26. Bxd5 exd5 27. Ra7) 25... a3 {Precision: White = 70%, Black = 47%.} 1/2-1/2

[Event "14th Vandoeuvre Open 2018"]
[Site "?"]
[Date "2018.01.05"]
[Round "8"]
[White "Donchenko, Alexander"]
[Black "Burri, Quentin"]
[Result "*"]
[WhiteElo "2580"]
[BlackElo "2396"]
[Annotator "TA"]
[PlyCount "54"]
[EventDate "2018.??.??"]
[EventType "swiss"]
[EventCountry "FRA"]
[SourceTitle "Vandoeuvre"]

{[%evp 11,54,38,25,31,19,7,0,0,-8,0,12,12,16,12,13,0,6,0,0,0,0,0,0,0,8,13,61,67,68,68,118,109,107,86,88,84,89,66,62,63,76,79,77,70,137]} 1. c4 Nf6 2. g3 e5 3. Bg2 c6 4. Nf3 e4 5. Nd4 d5 6. cxd5 Qxd5 7. e3 {A20: English Opening: 1...e5} Qe5 8. Nc3 Bc5 9. d3 {The position is equal.} exd3 10. Qxd3 Bxd4 $146 ({Predecessor:} 10... O-O 11. O-O Na6 12. a3 Bb6 13. b4 Rd8 14. Qc2 Nc7 {½-½ (60) Zhigalko,A (2619)-Balogh,C (2630) Warsaw 2013}) 11. Qxd4 Qxd4 12. exd4 Be6 13. Bg5 Nbd7 14. O-O-O O-O 15. d5 cxd5 16. Nxd5 Nxd5 17. Bxd5 Bxd5 18. Rxd5 Nb6 19. Rb5 Rfe8 20. Rd1 Re2 {[#]} 21. Be3 $1 Rc8+ 22. Rc5 Rxc5+ 23. Bxc5 {Intending Rd8+ and mate.} h6 24. Bxb6 axb6 25. Rd8+ Kh7 26. Rd2 Re1+ 27. Kc2 f6 {Precision: White = 53%, Black = 61%.} ({Black should play} 27... g5 $14) *